❔ Qui sont ces "Culottées" ? #2 (Inspiré du livre de P. Bagieu) - Statistiques

Statistiques générales
  • Ce quiz a été pris 12 fois
  • Le résultat moyen est 5 sur 15
Statistiques - réponses
Hint Extra Hint Explanation Réponse % Correct
Rock Stars 1948/1949/1951 - 2006 Groupe de rock américain, composé des trois sœurs Dorothy "Dot" , Betty et Helen Wiggin. La quatrième sœur, Rachel, les rejoindra plus tard. Le groupe a été actif de 1965 à 1975. Helen décède en 2006. Leur style de musique, innovant, a pu être qualifié du pire comme du meilleur The Shaggs
64%
Actrice inventrice 1914 - 2000 Star hollywoodienne autrichienne naturalisée américaine. Inventrice, elle dépose un brevet pour le saut de fréquence, qui sera mis de côté pendant des années, avant de finalement être "redécouvert" et sa technologie récupérée et développée pour des usages autour notamment du GPS et du WIFI Hedy Lamarr
45%
Journaliste 1864 - 1922 Pionnière du journalisme d'investigation. A aussi réalisé un tour du monde en 72 jours Nellie Bly
45%
Amoureuse de l'art moderne 1898 - 1979 Mécène américaine, collectionneuse d'art moderne et galeriste du 20è siècle Peggy Guggenheim
45%
Auteure-compositrice 1944 - 2022 Chanteuse, compositrice, mannequin, américaine des années 1970. Souvent considérée comme en avance sur son temps Betty Davis
36%
Miniaturiste du crime 1878 - 1962 Médecin légiste américaine du vingtième siècle, pionnière de la science forensique. Créatrice des "nutshell studies" et inspiration du personnage de Jessica Fletcher dans la série "Arabesque" Frances Glessner Lee
36%
Interprète des animaux 1947 - Américaine du vingtième siècle, experte scientifique engagée dans la défense du bien-être animal Temple Grandin
36%
Athlète 1947 - Marathonienne américaine et militante pour les droits des femmes du 20è siècle Cheryl Bridges
27%
Volcanologue 1942 - 1991 Volcanologue française active dans les années 1970 et 1980. Elle est à l'origine d'une bonne partie de la documentation dont dispose aujourd'hui la communauté scientifique. La diffusion de ses films pédagogiques pour les populations concernées par les risques volcaniques, va contribuer à sauver des milliers de vies Katia Krafft
27%
Astronaute 1956 - Première femme afro-américaine à partir dans l'espace en 1992. Elle est aussi médecin, diplômée en ingénierie chimique, études afro-américaines. Également spécialisée en danse africaine, swahili, politique subsaharienne, russe...Elle a aussi joué dans un épisode de Star Trek Mae Jemison
27%
Activiste de bonne famille 1898 - 1959 Pionnière de l'indépendance nationale et des droits des femmes en Syrie au début du vingtième siècle Naziq al-Abid
27%
Avocate 1970 - Avocate américaine spécialisée dans la défense des droits humains et des lanceurs d'alerte Jesselyn Radack
18%
Reine des bandits 1963 - 2001 Indienne du 20è siècle. Survivante de nombreux crimes, elle devient cheffe de gang. Après 11 années d'emprisonnement en attente de son procès, elle est libérée. Elle rentre au parlement en 1996, et fait voter des lois de protection pour les pauvres et les femmes. Elle est en lice pour le prix Nobel de la paix l'année suivante. Elle se fait assassinée en 2001. Phulan Devi
18%
Rappeuse 1996 - Rappeuse et militante féministe afghane du 21è siècle Sonita Alizadeh
18%
Utopiste réaliste 1927 - 2016 Française, militante féministe, créatrice de la Maison des Babayagas (résidence autogérée pour femmes âgées) Thérèse Clerc
18%
Aucun quiz correspondant
Distribution des résultats
% des personnes avec chaque résultat
Percentile par nombre de réponses
Votre historique - résultats
Vous n’avez pas pris ce quiz